000
00280nam a2200133Ia 4500
100
_a
Canning
942
_c
BK
654
_a
Hand Book
245
_a
Canning Hand Book On Electroplating
260
_b
W.Canning & Co
_c
2001
082
_a
671.7
300
_a
885
546
_a
ENGLISH
999
_c
22754
_d
22754